000 00360nam a2200133Ia 4500
008 151001s9999||||xx |||||||||||||| ||und||
100 _aप्र द मराठे
245 _aअंधारपुत्र
250 _a1
260 _bनिशांत प्रकाशन कर्नाटक
260 _c1976
300 _a153
365 _b18
999 _c958912
_d958909